Riešenia konštrukcií vozoviek na cyklistických komunikáciach

Salvato in:
Dettagli Bibliografici
Autore principale: Jochman, Jakub (Autore)
Altri autori: Zuzulová, Andrea (Relatore della tesi)
Natura: Manoscritto Libro
Lingua:slovacco
Pubblicazione: 2015
Soggetti:
Accesso online:http://is.stuba.sk/zp/portal_zp.pl?podrobnosti=109683
https://opac.crzp.sk/?fn=detailBiblioForm&sid=E75B5E22D326BA6A9EA79BCFFF20
Tags: Aggiungi Tag
Nessun Tag, puoi essere il primo ad aggiungerne!!

MARC

LEADER 00000ntm a22000003a 4500
001 stuzp50137
003 SK-STU
005 20231013152008.7
007 ta
008 150427s2015----xo-----f-mn---000-0-slo-d
040 |a STU  |b slo 
041 0 |a slo 
100 1 |a Jochman, Jakub  |u 010120  |4 aut  |U SvF Stavebná fakulta  |T SvF Katedra dopravných stavieb  |X 67070  |U V120  |Y 12  |7 A000067070 
242 0 1 |a Solutions for road constructions on cycling communications  |y eng 
245 1 0 |a Riešenia konštrukcií vozoviek na cyklistických komunikáciach 
260 |c 2015 
650 4 |a vozovka  |2 slo 
650 4 |a asfaltový kryt  |2 slo 
650 4 |a cementobetónový kryt  |2 slo 
650 4 |a kryt z dlažby  |2 slo 
650 4 |a nespevnená vozovka  |2 slo 
650 4 |a cyklistické komunikácie  |2 slo 
650 4 |a katalógové listy  |2 slo 
650 4 |a pavement  |2 eng 
650 4 |a cement-concrete cover  |2 eng 
650 4 |a cycling communcations  |2 eng 
650 4 |a pavement cover  |2 eng 
650 4 |a unpaved road  |2 eng 
650 4 |a catalogue lists  |2 eng 
650 4 |a asphaltic cover  |2 eng 
700 1 |a Zuzulová, Andrea  |4 ths  |X 921  |7 A000000921 
856 4 |u http://is.stuba.sk/zp/portal_zp.pl?podrobnosti=109683 
856 4 |u https://opac.crzp.sk/?fn=detailBiblioForm&sid=E75B5E22D326BA6A9EA79BCFFF20 
SQL |a stuzp50137  |b DDP  |c SLO  |d Riešenia konštrukcií vozoviek na cyklistických komunikáciach  |e 67070  |f Jochman, Jakub  |g 010120  |h 921  |i Zuzulová, Andrea  |j 20150617  |k 682  |l 01  |m http://is.stuba.sk/zp/portal_zp.pl?podrobnosti=109683  |n I-IKD  |o 5.1.5. inžinierske konštrukcie a dopravné stavby